| 000 | 00605nam a2200181Ia 4500 | ||
|---|---|---|---|
| 008 | 100921s9999 xx 000 0 und d | ||
| 082 |
_b30526 _a891.462 थ 97 |
||
| 100 | _aकाळे व.पु. | ||
| 245 | _aमॅड मॅड. | ||
| 260 |
_bवसुंधरा प्रकाशन, अहमदनगर. _c1997 |
||
| 300 |
_a220 _bमयुरेष बुक एजन्सी,कराड |
||
| 365 | _b175 | ||
| 520 | _aललित-नाटके. | ||
| 630 | _aमॅड मॅड. | ||
| 650 | _aललित-नाटके. | ||
| 730 | _aमॅड मॅड. | ||
| 942 | _cBOOK | ||
| 999 |
_c779639 _d779636 |
||